000 00215 a2200109 4500
020 _a0590260413
041 _aspa
100 _aAvalos, Cecilia
245 _aLa cucaracha correlona
942 _cBK
999 _c29583
_d29581
999 _d29581